000 00277nam a2200121Ia 4500
008 231129s9999||||xx |||||||||||||| ||spa||
040 _bspa
082 _a620 F987i
100 _aFurnas C.C.
245 0 _aEl ingeniero
264 _aTime-Life Internacional
942 _2ddc
_cBKS
999 _c11361
_d11361